000
00275nam a2200121Ia 4500
005
20251222144718.0
008
251222s9999||||xx |||||||||||||| ||spa||
020
_a
84-288-0475-3
082
_a
249.8/C76
245
0
_a
Matrimonio y Familia, Hoy
264
_b
PPC
942
_c
LIB
999
_c
18112
_d
18112